00303 a2200121 4500001000700000020000600007040001100013100001900024240006300043245005800106362000900164440000800173158755 a  cMagnum aNewson, Lelsey10aMinha primeira enciclopedia - tudo sobre o ser humanolpor10aMinha primeira enciclopedia - tudo sobre o ser humano0 a1899 1aFTD